Vista normal Vista MARC

Entrada Nombre personal

Número de registros utilizados en: 1

001 - NÚMERO DE CONTROL

  • Campo de control: 30975

003 - IDENTIFICADOR DE NÚMERO DE CONTROL

  • Campo de control: OSt

005 - FECHA Y HORA DE LA ULTIMA MODIFICACION

  • Campo de control: 20150130160609.0

008 - ELEMENTOS DE DATOS DE LONGITUD FIJA

  • Campo de longitud fija: 150130|| aca||aabn | a|a d

040 ## - FUENTE DE LA CATALOGACIÓN

  • Agencia original de catalogación: OSt

100 1# - ENCABEZAMIENTO--NOMBRE DE PERSONA

  • Nombre personal: Aznar, Fernando

400 1# - TRAZADO VEÁSE--NOMBRE DE PERSONA

  • Nombre personal: Aznar Cenamor, Fernando

670 ## - FUENTE DE DATOS ENCONTRADOS

  • Fuente de citación: Fichero de Autoridades Virtual Internacional, 30-01-2015